| 000 | 00000nam##2200000za#4500 |
| 001 | 9.693533 |
| 003 | CaOODSP |
| 005 | 20240703102706 |
| 007 | cr ||||||||||| |
| 008 | 150407|2000||||xxc|||||o f|0| 0 eng|d |
| 040 | |aCaOODSP|beng |
| 043 | |an-cn--- |
| 086 | 1 |aA62-53/2000E-PDF |
| 110 | 2 |aCanadian Food Inspection Agency. |
| 245 | 10|aCanadian microbiological baseline survey of chicken broiler and young turkey carcasses, June 1997-May 1998 |h[electronic resource] |
| 260 | |aOttawa - Ontario : |bCanadian Food Inspection Agency |c2000. |
| 300 | |a31p.|bgraphs, references, tables |
| 500 | |aThe catalogue number (A62-53/2000E) and ISBN (0-662-2893-0) for the print edition have been incorrectly copied in this PDF edition. |
| 590 | |a10-05-Supp|b2010-07-20 |
| 690 | 07|aMicrobiology|2gcpds |
| 690 | 07|aPoultry|2gcpds |
| 690 | 07|aLaw|2gcpds |
| 690 | 07|aSocial development|2gcpds |
| 775 | 08|tEnquête canadienne sur l'état microbiologique des carcasses de poulet à griller et de jeunes dindons, juin 1997-mai 1998 |w(CaOODSP)9.637709 |
| 776 | 0#|tCanadian microbiological baseline survey of chicken broiler and young turkey carcasses, June 1997-May 1998 |w(CaOODSP)9.647729 |
| 856 | 40|ahttp://publications.gc.ca|qPDF|s82 KB|uhttps://publications.gc.ca/collections/Collection/A62-53-2000E.pdf |